000 00495nam a2200181 a 4500
005 20140310183522.0
008 110824s19uu xx 00 eng d
020 _a9780071276368
050 _aQD 453.3
_b.L48 2009
100 _aLevine, Ira
245 _aPhysical chemistry /
_cIra Levine.
250 _a6th ed.
260 _aBoston :
_bMcGraw Hill,
_c2009.
300 _a989 p. :
_bill. ;
_c26 cm.
650 _aChemistry, physical & theoretical
942 _cBK
_2lcc
_kFOR
999 _c24435
_d24435